2024 NFL Draft - Statistics

General Stats
  • This quiz has been taken 61 times
    47 since last reset
  • The average score is 28 of 257
Answer Stats
# Team Pos College Answer % Correct
1 CHI QB USC Caleb Williams
100%
2 WAS QB LSU Jayden Daniels
100%
3 NE QB North Carolina Drake Maye
95%
5 LAC OT Notre Dame Joe Alt
63%
4 ARI WR Ohio State Marvin Harrison Jr.
63%
6 NYG WR LSU Malik Nabers
61%
8 ATL QB Washington Michael Penix Jr.
61%
7 TEN OT Alabama J.C. Latham
58%
10 MIN QB Michigan J.J. McCarthy
58%
9 CHI WR Washington Rome Odunze
55%
12 DEN QB Oregon Bo Nix
42%
13 LV TE Georgia Brock Bowers
39%
40 PHI CB Iowa Cooper DeJean
37%
17 MIN EDGE Alabama Dallas Turner
37%
32 CAR WR South Carolina Xavier Legette
37%
28 KC WR Texas Xavier Worthy
37%
23 JAX WR LSU Brian Thomas Jr.
34%
19 LAR EDGE Florida State Jared Verse
34%
33 BUF WR Florida State Keon Coleman
34%
31 SF WR Florida Ricky Pearsall
34%
34 LAC WR Georgia Ladd McConkey
32%
15 IND EDGE UCLA Laiatu Latu
32%
30 BAL CB Clemson Nate Wiggins
32%
22 PHI CB Toledo Quinyon Mitchell
32%
18 CIN OT Georgia Amarius Mims
29%
21 MIA EDGE Penn State Chop Robinson
29%
41 NO CB Alabama Kool-Aid McKinstry
29%
29 DAL OL Oklahoma Tyler Guyton
29%
52 IND WR Texas Adonai Mitchell
26%
26 TB OL Duke Graham Barton
26%
150 NO QB South Carolina Spencer Rattler
26%
14 NO OT Oregon State Taliese Fuaga
26%
20 PIT OL Washington Troy Fautanu
26%
39 LAR DL Florida State Braden Fiske
24%
16 SEA DL Texas Byron Murphy II
24%
37 NE WR Washington Ja'Lynn Polk
24%
36 WAS DL Illinois Jer'Zhan Newton
24%
25 GB OT Arizona Jordan Morgan
24%
24 DET CB Alabama Terrion Arnold
24%
27 ARI EDGE Missouri Darius Robinson
21%
45 GB LB Texas A&M Edgerrin Cooper
21%
46 CAR RB Texas Jonathon Brooks
21%
35 ATL DL Clemson Ruke Orhorhoro
21%
47 NYG S Minnesota Tyler Nubin
21%
83 LAR RB Michigan Blake Corum
18%
44 LV C Oregon Jackson Powers-Johnson
18%
171 NYJ QB Florida State Jordan Travis
18%
65 NYJ WR Western Kentucky Malachi Corley
18%
43 ARI CB Rutgers Max Melton
18%
11 NYJ OT Penn State Olumuyiwa Fashanu
18%
62 BAL OT Washington Roger Rosengarten
18%
84 PIT WR Michigan Roman Wilson
18%
38 TEN DL Texas T'Vondre Sweat
18%
127 PHI RB Clemson Will Shipley
18%
51 PIT C West Virginia Zach Frazier
18%
53 WAS TE Kansas State Ben Sinnott
16%
134 NYJ RB Wisconsin Braelon Allen
16%
60 BUF S Utah Cole Bishop
16%
113 BAL WR North Carolina Devontez Walker
16%
42 HOU CB Georgia Kamari Lassiter
16%
50 WAS CB Michigan Mike Sainristil
16%
98 PIT LB NC State Payton Wilson
16%
66 ARI RB Florida State Trey Benson
16%
125 TB RB Oregon Bucky Irving
13%
57 TB DE Alabama Chris Braswell
13%
73 DAL OL Kansas State Cooper Beebe
13%
61 DET CB Missouri Ennis Rakestraw Jr.
13%
69 LAC LB Michigan Junior Colson
13%
63 KC OT BYU Kingsley Suamataia
13%
49 CIN DL Michigan Kris Jenkins
13%
48 JAX DL LSU Maason Smith
13%
56 DAL DE Western Michigan Marshawn Kneeland
13%
54 CLE DL Ohio State Michael Hall Jr.
13%
55 MIA OT Houston Patrick Paul
13%
102 DEN WR Oregon Troy Franklin
13%
203 MIN K Alabama Will Reichard
13%
147 DEN RB Notre Dame Audric Estime
11%
59 HOU OT Notre Dame Blake Fisher
11%
225 LAC WR USC Brenden Rice
11%
123 HOU TE Ohio State Cade Stover
11%
101 CAR TE Texas Ja'Tavion Sanders
11%
58 GB S Georgia Javon Bullard
11%
257 NYJ S Alabama Jaylen Key
11%
120 MIA RB Tennessee Jaylen Wright
11%
80 CIN WR Alabama Jermaine Burton
11%
193 NE QB Tennessee Joe Milton
11%
185 PHI WR Florida State Johnny Wilson
11%
100 WAS WR Rice Luke McCaffrey
11%
88 GB RB USC MarShawn Lloyd
11%
119 PIT OL South Dakota State Mason McCormick
11%
141 BUF C Georgia Sedrick Van Pran-Granger
11%
82 ARI TE Illinois Tip Reiman
11%
130 BAL CB Iowa State T.J. Tampa
11%
122 CHI P Iowa Tory Taylor
11%
85 CLE OL Michigan Zak Zinter
11%
217 LAR C Arkansas Beaux Limmer
8%
74 ATL LB Washington Bralen Trice
8%
67 WAS OT TCU Brandon Coleman
8%
212 JAX K Arkansas Cam Little
8%
115 CIN TE Iowa Erick All
8%
92 TB WR Washington Jalen McMillan
8%
131 KC TE TCU Jared Wiley
8%
110 NE WR UCF Javon Baker
8%
155 PHI LB Clemson Jeremiah Trotter
8%
108 MIN CB Oregon Khyree Jackson
8%
245 GB QB Tulane Michael Pratt
8%
176 NYJ CB Canada Qwan'tez Stiggers
8%
128 BUF RB Kentucky Ray Davis
8%
64 SF CB Florida State Renardo Green
8%
132 DET RB Utah Sione Vaki
8%
107 NYG TE Penn State Theo Johnson
8%
148 LV LB Ohio State Tommy Eichenberg
8%
72 CAR LB Kentucky Trevin Wallace
8%
166 NYG RB Purdue Tyrone Tracy Jr.
8%
93 BAL DE Penn State Adisa Isaac
5%
121 SEA TE Michigan A.J. Barner
5%
70 NYG CB Kentucky Andru Phillips
5%
144 CHI DE Kansas Austin Booker
5%
68 NE OT Penn State Caedan Wallace
5%
78 HOU S USC Calen Bullock
5%
81 SEA OL UConn Christian Haynes
5%
210 DET OL Boston College Christian Mahogany
5%
218 BAL QB Kentucky Devin Leary
5%
111 GB S Oregon Evan Williams
5%
129 SF RB Louisville Isaac Guerendo
5%
71 ARI OL Illinois Isaiah Adams
5%
173 NYJ RB South Dakota State Isaiah Davis
5%
231 NE TE Florida State Jaheim Bell
5%
94 PHI DE Houston Christian Jalyx Hunt
5%
76 DEN DE Utah Jonah Elliss
5%
116 JAX DL LSU Jordan Jefferson
5%
213 LAR WR Texas Jordan Whittington
5%
209 LAR K Stanford Joshua Karty
5%
99 LAR S Miami (FL) Kamren Kinchens
5%
199 NO DL Northern Iowa Khristian Boyd
5%
145 DEN CB Missouri Kris Abrams-Draine
5%
184 MIA WR Virginia Malik Washington
5%
79 IND OT Pittsburgh Matt Goncalves
5%
189 DET DL LSU Mekhi Wingo
5%
158 MIA DE Colorado State Mohamed Kamara
5%
165 BAL RB Marshall Rasheen Ali
5%
142 IND WR Oregon State Anthony Gould
3%
109 ATL DL Oregon Brandon Dorlus
3%
154 LAR DE Washington State Brennan Jackson
3%
170 NO WR Pittsburgh Bub Means
3%
174 DAL CB Wake Forest Caelen Carson
3%
106 TEN LB North Carolina Cedric Gray
3%
104 ARI S Texas Tech Dadrion Taylor-Demerson
3%
112 LV CB Mississippi State Decamerion Richardson
3%
235 DEN WR Utah Devaughn Vele
3%
95 BUF DL Duke DeWayne Carter
3%
192 SEA CB Auburn D.J. James
3%
86 SF OL Kansas Dominick Puni
3%
208 LV RB New Hampshire Dylan Laube
3%
126 DET OT Canada Giovanni Manu
3%
159 KC C Penn State Hunter Nourzad
3%
226 ARI CB Miami (FL) Jaden Davis
3%
133 KC S Washington State Jaden Hicks
3%
156 CLE WR Louisville Jamari Thrash
3%
242 TEN S Miami (FL) James Williams
3%
164 IND S Auburn Jaylin Simpson
3%
182 TEN WR Tulane Jha'Quan Jackson
3%
149 CIN CB TCU Josh Newton
3%
255 GB CB Penn State Kalen King
3%
181 LAC RB Troy Kimani Vidal
3%
254 LAR OL Kansas State K.T. Leveston
3%
124 SF S Wake Forest Malik Mustapha
3%
87 DAL LB Notre Dame Marist Liufau
3%
237 CIN C Miami (FL) Matt Lee
3%
97 CIN DL Texas A&M McKinnley Jackson
3%
136 SEA CB Auburn Nehemiah Pritchett
3%
256 DEN C South Carolina Nick Gargiulo
3%
241 MIA WR USC Tahj Washington
3%
194 CIN TE Arizona Tanner McLachlan
3%
221 BUF OT United Kingdom Travis Clayton
3%
89 TB S Georgia Tykee Smith
3%
196 LAR DL Clemson Tyler Davis
3%
91 GB LB Missouri Ty'Ron Hopper
3%
177 MIN OT Oklahoma Walter Rouse
3%
138 ARI DE Clemson Xavier Thomas
3%
152 PHI WR Texas A&M Ainias Smith
0%
140 LAC CB Notre Dame Cam Hart
0%
187 ATL WR Illinois Casey Washington
0%
214 CIN DE Ole Miss Cedric Johnson
0%
157 CAR CB Washington State Chau Smith-Wade
0%
162 ARI OT Texas Christian Jones
0%
248 KC OL Holy Cross C.J. Hanson
0%
253 LAC WR Michigan Cornelius Johnson
0%
219 BUF CB Penn State Daequan Hardy
0%
224 CIN S Ole Miss Daijahn Anthony
0%
183 NYG LB UCLA Darius Muasau
0%
153 JAX CB Ole Miss Deantre Prince
0%
77 LV OT Maryland Delmar Glaze
0%
246 TB TE Washington Devin Culp
0%
161 WAS S Washington Dominique Hampton
0%
190 PHI C NC State Dylan McMahon
0%
160 BUF LB Washington Edefuan Ulofoshio
0%
90 ARI CB Boston College Elijah Jones
0%
220 TB OL UTEP Elijah Klein
0%
135 SF WR Arizona Jacob Cowing
0%
163 GB C Duke Jacob Monk
0%
200 CAR DL Mississippi State Jaden Crumedy
0%
188 HOU LB Oregon Jamal Hill
0%
215 SF OL USC Jarrett Kingston
0%
96 JAX CB Florida State Jarrian Jones
0%
146 TEN CB Louisville Jarvis Brownlee Jr.
0%
186 ATL RB Alabama Jase McClellan
0%
114 JAX OT Missouri Javon Foster
0%
168 BUF DE Troy Javon Solomon
0%
222 WAS DE Notre Dame Javontae Jean-Baptiste
0%
205 HOU RB Louisville Jawhar Jordan
0%
175 NO LB Texas Jaylan Ford
0%
252 TEN DE Michigan Jaylen Harrell
0%
151 IND S Missouri Jaylon Carlies
0%
143 ATL LB Notre Dame J.D. Bertrand
0%
234 IND DL Oklahoma Jonah Laulu
0%
139 WAS LB Temple Jordan Magee
0%
239 NO OT Eastern Kentucky Josiah Ezirim
0%
243 CLE DL Cincinnati Jowon Briggs
0%
105 LAC DL Alabama Justin Eboigbe
0%
244 DAL DL Auburn Justin Rogers
0%
211 KC CB Tennessee Kamal Hadden
0%
167 JAX RB Texas Keilan Robinson
0%
75 CHI OT Yale Kiran Amegadije
0%
169 GB S Oregon State Kitan Oladapo
0%
249 HOU OL Michigan LaDarius Henderson
0%
103 NE OL Texas A&M Layden Robinson
0%
232 MIN DL Texas A&M-Commerce Levi Drake Rodriguez
0%
178 PIT DL Iowa Logan Lee
0%
180 NE CB South Carolina Marcellas Dial
0%
247 HOU DL Auburn Marcus Harris
0%
201 IND CB Marshall Micah Abraham
0%
240 CAR LB Michigan Michael Barrett
0%
207 SEA OT Findlay Michael Jerrell
0%
230 MIN C Wake Forest Michael Jurgens
0%
229 LV CB Pittsburgh M.J. Devonshire
0%
236 JAX DE Texas Tech Myles Cole
0%
227 CLE CB South Dakota Myles Harden
0%
206 CLE LB Mississippi State Nathaniel Watson
0%
233 DAL OT Louisiana Nathan Thomas
0%
228 BAL C Michigan State Nick Samac
0%
198 MIA S California Patrick McMorris
0%
216 DAL WR SEMO Ryan Flournoy
0%
195 PIT CB Texas Ryan Watts
0%
250 BAL S Purdue Sanoussi Kane
0%
179 SEA OL Utah Sataoa Laumea
0%
238 HOU DE USC Solomon Byrd
0%
117 IND C Wisconsin Tanor Bortolini
0%
137 LAC CB Maryland Tarheeb Still
0%
251 SF LB Florida State Tatum Bethune
0%
191 ARI WR UAB Tejhaun Palmer
0%
202 GB OT Georgia State Travis Glover
0%
172 PHI OL Michigan Trevor Keegan
0%
223 LV S Air Force Trey Taylor
0%
204 BUF OT UCF Tylan Grable
0%
118 SEA LB UTEP Tyrice Knight
0%
197 ATL DL Georgia Zion Logue
0%
No matching quizzes found
Score Distribution
Percent of People with Each Score
Percentile by Number Answered
Your Score History
You have not taken this quiz since the last reset